Welcome to the Holygrace Academy Library

Please use search bar below to get started

GREMLINS- A NEW FRIEND (Record no. 7527)

MARC details
000 -LEADER
fixed length control field 00252nam a22001097a 4500
082 ## - DEWEY DECIMAL CLASSIFICATION NUMBER
Classification number 823
Item number NEA/G
100 ## - MAIN ENTRY--AUTHOR NAME
Personal name NEAL, MICHAEL
245 ## - TITLE STATEMENT
Title GREMLINS- A NEW FRIEND
260 ## - PUBLICATION, DISTRIBUTION, ETC. (IMPRINT)
Place of publication NEW YORK
Name of publisher GOLDEN
Year of publication 1984
650 ## - SUBJECT ADDED ENTRY--TOPICAL TERM
Topical Term ENGLISH STORY
Geographic subdivision UNITED STATES
942 ## - ADDED ENTRY ELEMENTS (KOHA)
Koha item type Books
Holdings
Withdrawn status Lost status Collection code Home library Current library Date acquired Source of acquisition Full call number Accession Number Koha item type
Withdrawn Damaged Item Fiction Main Library Main Library 16/05/2005 purchase 823 NEA/G 00668 Books